| Tag |
First Indicator |
Second Indicator |
Subfields |
| LEADER |
00000cam a2200000Ia 4500 |
| 001 |
in00001672321 |
| 005 |
20151024124454.0 |
| 007 |
hd afa014baca |
| 008 |
931230s1992 dcu ab f000 0 eng d |
| 035 |
|
|
|a (OCoLC)ocm29561540
|
| 040 |
|
|
|a UP3
|c UP3
|d OCL
|d UtOrBLW
|
| 043 |
|
|
|a e------
|a a-ja---
|
| 049 |
|
|
|a TXAM
|
| 090 |
|
|
|a JK1108
|b .M35 Suppl. 1992 reel 3
|
| 099 |
|
|
|a Film
|a S
|a 1707
|a 1992, reel 3, fr. 00105
|
| 100 |
1 |
|
|a Harrison, Glennon J.
|
| 245 |
1 |
4 |
|a The European Community-Japan automobile agreement /
|c Glennon J. Harrison.
|
| 264 |
|
1 |
|a [Washington, D.C.] :
|b Congressional Research Service, Library of Congress,
|c [1992]
|
| 300 |
|
|
|a 6 pages ;
|c 28 cm.
|
| 336 |
|
|
|a text
|b txt
|2 rdacontent
|
| 337 |
|
|
|a microform
|b h
|2 rdamedia
|
| 338 |
|
|
|a microfilm reel
|b hd
|2 rdacarrier
|
| 500 |
|
|
|a Cover title.
|
| 500 |
|
|
|a At head of title: CRS report for Congress.
|
| 500 |
|
|
|a "January 27, 1992."
|
| 504 |
|
|
|a Includes bibliographical references.
|
| 500 |
|
|
|a "92-94 E."
|
| 533 |
|
|
|a Microfilm.
|b Arlington, Va. :
|c University Publications of America,
|d 1993.
|e on 1 microfilm reel ; 35 mm. Low reduction.
|f (Major studies and issue briefs of the Congressional Research Service. 1992 supplement ; reel 3, fr. 00105).
|
| 500 |
|
|
|a Microform.
|
| 651 |
|
0 |
|a European Economic Community countries
|x Commerce
|z Japan.
|
| 651 |
|
0 |
|a Japan
|x Commerce
|z European Economic Community countries.
|
| 650 |
|
0 |
|a Exports
|z Japan.
|
| 650 |
|
0 |
|a Foreign trade regulation
|z European Economic Community countries.
|
| 710 |
2 |
|
|a Library of Congress.
|b Congressional Research Service.
|
| 740 |
4 |
|
|a The European Community, Japan automobile agreement.
|
| 830 |
|
0 |
|a Major studies and issue briefs of the Congressional Research Service.
|p Supplement ;
|v 1992, reel 3, fr. 00105.
|
| 994 |
|
|
|a 92
|b TXA
|
| 999 |
|
|
|a MARS
|
| 999 |
f |
f |
|s cc02f4b9-5d44-38b4-9f22-7cbbd1950bea
|i 8929355a-3270-36f0-8b13-be5678b96df8
|t 0
|
| 952 |
f |
f |
|a Texas A&M University
|b College Station
|c Sterling C. Evans Library
|d Evans: Microforms (3rd floor)
|t 0
|e Film S 1707 1992, reel 3, fr. 00105
|h Other scheme
|
| 998 |
f |
f |
|a Film S 1707 1992, reel 3, fr. 00105
|t 0
|l Evans: Microforms (3rd floor)
|